[Event "Baden Oos - Solingen"]
[Site "BL 0203"]
[Date "2002.10.19"]
[Round "1.5"]
[White "Emms, John M"]
[Black "Doettling, Fabian"]
[Result "1/2-1/2"]
[WhiteElo "2520"]
[BlackElo "2539"]
[PlyCount "100"]
[EventDate "2002.??.??"]

1. e4 c6 2. d4 d5 3. exd5 cxd5 4. c4 Nf6 5. Nc3 e6 6. Nf3 Bb4 7. Bd3 dxc4 8.
Bxc4 O-O 9. O-O b6 10. Bg5 Bb7 11. Re1 Nbd7 12. Rc1 Rc8 13. Qb3 Be7 14. Bxf6
Nxf6 15. Bxe6 Rc7 16. Ng5 Bd6 17. Nb5 Re7 18. Nxd6 Qxd6 19. Bc4 Qf4 20. Qg3 Qd2
21. Red1 Qxb2 22. Bb3 Bd5 23. Bxd5 Nxd5 24. Qd3 g6 25. Qc4 Rd8 26. Rc2 Qb4 27.
Qxb4 Nxb4 28. Rcd2 Rd5 29. a3 Rxg5 30. axb4 Rd5 31. g3 Rc7 32. Ra2 Rcd7 33.
Rad2 Rb5 34. Rb2 a5 35. Rdb1 Rxd4 36. bxa5 Rxb2 37. Rxb2 bxa5 38. Rb5 a4 39.
Ra5 h5 40. h4 Kf8 41. Ra7 Rb4 42. Kg2 Ke8 43. Kf3 f6 44. Ke3 Rb3+ 45. Ke4 a3
46. f3 Kd8 47. Kf4 Kc8 48. g4 Kb8 49. Ra5 Kb7 50. gxh5 Kb6 1/2-1/2

[Event "Baden Oos - Solingen"]
[Site "BL 0203"]
[Date "2002.10.19"]
[Round "1.6"]
[White "Schenk, Andreas"]
[Black "Naumann, Alexander"]
[Result "1/2-1/2"]
[WhiteElo "2479"]
[BlackElo "2513"]
[PlyCount "47"]
[EventDate "2002.??.??"]

1. d4 Nf6 2. c4 g6 3. Nc3 Bg7 4. e4 d6 5. Nf3 O-O 6. Be2 e5 7. O-O Na6 8. Be3
Ng4 9. Bg5 Qe8 10. dxe5 dxe5 11. h3 h6 12. Bc1 Nf6 13. Be3 Qe7 14. Nd5 Qd8 15.
Nxf6+ Qxf6 16. c5 Nb8 17. Qb3 Nc6 18. Rfd1 Rb8 19. Qa4 Be6 20. Rd2 Rfd8 21.
Rad1 Rxd2 22. Rxd2 a6 23. a3 Qe7 24. Bc4 1/2-1/2

[Event "Baden Oos - Solingen"]
[Site "BL 0203"]
[Date "2002.10.19"]
[Round "1.7"]
[White "Sandipan, Chanda"]
[Black "Schlosser, Philipp"]
[Result "1-0"]
[WhiteElo "2510"]
[BlackElo "2534"]
[PlyCount "61"]
[EventDate "2002.??.??"]

1. e4 c5 2. Nf3 e6 3. d4 cxd4 4. Nxd4 Qb6 5. Nb3 Qc7 6. Bd3 Nf6 7. O-O d6 8. c4
Be7 9. Nc3 Nbd7 10. Be3 O-O 11. f4 a6 12. Qf3 b6 13. Qh3 Bb7 14. Rae1 Rfe8 15.
Bd4 e5 16. Be3 exf4 17. Bxf4 Ne5 18. Nd5 Nxd5 19. Bxe5 dxe5 20. exd5 g6 21.
Rxf7 Bc5+ 22. Nxc5 Qxf7 23. Ne4 Rf8 24. Rf1 Qe7 25. d6 Qg7 26. Qe6+ Kh8 27.
Rxf8+ Rxf8 28. d7 Rd8 29. Qe8+ Qf8 30. Qxf8+ Rxf8 31. Nd6 1-0

[Event "Baden Oos - Solingen"]
[Site "BL 0203"]
[Date "2002.10.19"]
[Round "1.8"]
[White "Schmaltz, Roland"]
[Black "Hoffmann, Michael"]
[Result "1/2-1/2"]
[WhiteElo "2529"]
[BlackElo "2438"]
[PlyCount "60"]
[EventDate "2002.??.??"]

1. e4 c5 2. Nf3 Nc6 3. d4 cxd4 4. Nxd4 Nf6 5. Nc3 e5 6. Ndb5 d6 7. Bg5 a6 8.
Na3 b5 9. Bxf6 gxf6 10. Nd5 f5 11. c3 Bg7 12. exf5 Bxf5 13. Nc2 Be6 14. g3 O-O
15. Bg2 a5 16. O-O f5 17. Qh5 b4 18. Nce3 Rb8 19. Rad1 bxc3 20. bxc3 Kh8 21.
Rd2 Rb5 22. Rfd1 Rc5 23. Bh3 Bf7 24. Qe2 Be6 25. f4 Ne7 26. c4 Nxd5 27. cxd5
Bd7 28. Qh5 Qf6 29. Ng2 e4 30. Ne3 Rc3 1/2-1/2

[Event "Stuttgart - Wattenscheid"]
[Site "BL 0203"]
[Date "2002.10.19"]
[Round "1.1"]
[White "Macieja, Bartlomiej"]
[Black "Gabriel, Christian"]
[Result "1-0"]
[WhiteElo "2615"]
[BlackElo "2562"]
[PlyCount "141"]
[EventDate "2002.??.??"]

1. e4 e5 2. Nf3 Nc6 3. d4 exd4 4. Nxd4 Nf6 5. Nxc6 bxc6 6. e5 Ne4 7. Qf3 Ng5 8.
Qh5 Ne6 9. Bd3 g6 10. Qe2 Bg7 11. f4 O-O 12. Be3 f6 13. f5 gxf5 14. Bxf5 Qe8
15. Qc4 fxe5 16. Bxe6+ Qxe6 17. Qxe6+ dxe6 18. Nd2 Ba6 19. O-O-O Rfd8 20. Ne4
Bc4 21. Nc5 Bf8 22. b3 Bxc5 23. Bxc5 Rd5 24. Rxd5 Bxd5 25. c4 Be4 26. Re1 Bg6
27. Rxe5 Kf7 28. Re2 Kf6 29. Rd2 a6 30. Rd7 Rc8 31. Be7+ Kf5 32. Bh4 e5 33. Re7
Ke4 34. Bg3 Re8 35. Rxc7 Re6 36. Rd7 Ke3 37. Rd2 Bd3 38. Bf2+ Ke4 39. Kb2 Rg6
40. Bg3 Kd4 41. Rf2 h5 42. Rf8 h4 43. Bf2+ Ke4 44. g3 h3 45. Bc5 Be2 46. Kc3
Rg7 47. Rf6 Rd7 48. Bd6 a5 49. c5 Bg4 50. Rf1 Ke3 51. Rf6 Bf3 52. g4 Bxg4 53.
Bxe5 Rd3+ 54. Kb2 Bf3 55. Ka3 Bd5 56. Bd6 Rc3 57. Rf8 Kd2 58. Ra8 Kc2 59. Rxa5
Kb1 60. Kb4 Rc2 61. a4 Ka2 62. Ra8 Bxb3 63. Rh8 Be6 64. Re8 Bd5 65. Ka5 Bg2 66.
Kb6 Rb2+ 67. Kc7 Rb4 68. a5 Bf1 69. Re1 Bb5 70. Re3 Rh4 71. Kb6 1-0

[Event "Stuttgart - Wattenscheid"]
[Site "BL 0203"]
[Date "2002.10.19"]
[Round "1.2"]
[White "Buhmann, Rainer"]
[Black "Rustemov, Alexander"]
[Result "0-1"]
[WhiteElo "2527"]
[BlackElo "2597"]
[PlyCount "116"]
[EventDate "2002.??.??"]

1. d4 f5 2. g3 Nf6 3. Bg2 g6 4. c3 Bg7 5. Nh3 Nc6 6. Qb3 e5 7. dxe5 Nxe5 8. O-O
c6 9. Bf4 Ne4 10. Rd1 d5 11. Nd2 Nxd2 12. Rxd2 Nc4 13. Rd3 Qb6 14. Qxb6 axb6
15. b3 Na3 16. Re3+ Kd7 17. Rd1 Nc2 18. Red3 Rxa2 19. c4 d4 20. e3 Re8 21. R3d2
h6 22. exd4 Ra1 23. Be5 Bxe5 24. dxe5+ Kc7 25. Bf3 Rxe5 26. Rxc2 Rxd1+ 27. Bxd1
Re1+ 28. Kg2 Rxd1 29. Rc3 g5 30. Ng1 Kd6 31. h4 g4 32. Ne2 c5 33. f3 Bd7 34.
Kf2 b5 35. fxg4 fxg4 36. cxb5 Bxb5 37. Nf4 Rf1+ 38. Kg2 Rf3 39. Rxf3 Bc6 40.
Kf2 Bxf3 41. Nd3 Bd5 42. Nc1 Ke5 43. Ke3 Be4 44. Na2 b6 45. Nc1 Bb1 46. Ne2 Bc2
47. Nc1 b5 48. Kd2 Bg6 49. Ke3 b4 50. h5 Bxh5 51. Nd3+ Kd6 52. Nf2 Bf7 53. Ne4+
Kc6 54. Nd2 h5 55. Ke4 Kd6 56. Ke3 Ke5 57. Kd3 Bd5 58. Ke3 Kf5 0-1

[Event "Stuttgart - Wattenscheid"]
[Site "BL 0203"]
[Date "2002.10.19"]
[Round "1.3"]
[White "Johannessen, Leif Erlend"]
[Black "Jenni, Florian"]
[Result "1-0"]
[WhiteElo "2534"]
[BlackElo "2483"]
[PlyCount "57"]
[EventDate "2002.??.??"]

1. c4 Nf6 2. d4 e6 3. Nc3 Bb4 4. e3 O-O 5. Bd3 d5 6. Nf3 c5 7. O-O Nc6 8. a3
Bxc3 9. bxc3 dxc4 10. Bxc4 Qc7 11. Bb2 e5 12. h3 e4 13. Nd2 Bf5 14. Qe2 Rae8
15. Ba2 Qd7 16. Rfe1 Be6 17. Bxe6 Rxe6 18. Nb3 cxd4 19. exd4 Re7 20. c4 Rfe8
21. Rad1 Qf5 22. Qe3 b5 23. d5 Ne5 24. Bxe5 Rxe5 25. Nd4 Qd7 26. Nxb5 Rc8 27.
Qd4 Rg5 28. Re3 a6 29. Nc3 1-0

[Event "Stuttgart - Wattenscheid"]
[Site "BL 0203"]
[Date "2002.10.19"]
[Round "1.4"]
[White "Schmittdiel, Eckhard"]
[Black "Appel, Ralf"]
[Result "1/2-1/2"]
[WhiteElo "2491"]
[BlackElo "2503"]
[PlyCount "123"]
[EventDate "2002.??.??"]

1. e4 g6 2. d4 Bg7 3. Be3 c5 4. c3 Nf6 5. f3 cxd4 6. cxd4 O-O 7. Nc3 d6 8. Bc4
Nc6 9. Nge2 e6 10. Bb5 Bd7 11. O-O a6 12. Bd3 b5 13. Qd2 Ne8 14. Rac1 Nc7 15.
Nd1 b4 16. Nf2 Nb5 17. Bxb5 axb5 18. b3 Ra3 19. Rc2 Qa5 20. Nd3 Ra8 21. Ndc1
Nb8 22. Bh6 Bh8 23. Bf4 Ra6 24. Rd1 h5 25. e5 dxe5 26. Bxe5 Nc6 27. Bxh8 Kxh8
28. d5 exd5 29. Qxd5 Be6 30. Qd6 Qb6+ 31. Kf1 Kh7 32. Nf4 Qb7 33. Re2 Ne7 34.
Qxb4 Nf5 35. Rde1 Ng7 36. Nfd3 Ra7 37. Nc5 Qb6 38. Ne4 Qd8 39. f4 Kh8 40. Rd2
Qa8 41. Red1 Bc4+ 42. Kg1 Qxe4 43. Qf8+ Kh7 44. Rd8 g5 45. fxg5 Qe3+ 46. Kh1
Qxg5 47. bxc4 Rc3 48. Ne2 Rc2 49. Qg8+ Kg6 50. R8d5 Qg4 51. Rxh5 Rxe2 52. Qh7+
Kf6 53. Qh6+ Qg6 54. Qf4+ Ke7 55. Re5+ Rxe5 56. Qxe5+ Ne6 57. cxb5 Rxa2 58. Qd5
Rb2 59. Qd6+ Ke8 60. Qb8+ Ke7 61. Qd6+ Ke8 62. Qb8+ 1/2-1/2

[Event "Stuttgart - Wattenscheid"]
[Site "BL 0203"]
[Date "2002.10.19"]
[Round "1.5"]
[White "Handke, Florian"]
[Black "Zeller, Frank"]
[Result "1/2-1/2"]
[WhiteElo "2504"]
[BlackElo "2454"]
[PlyCount "58"]
[EventDate "2002.??.??"]

1. e4 Nc6 2. Bb5 e5 3. Nf3 a6 4. Ba4 Nf6 5. O-O Bc5 6. c3 O-O 7. d4 Ba7 8. Re1
d6 9. Bg5 h6 10. Bh4 Qe7 11. Nbd2 exd4 12. e5 dxe5 13. cxd4 Nxd4 14. Nxe5 Qd6
15. Nec4 Qf4 16. Bg3 Qg5 17. Nf3 Qd5 18. Nfe5 b5 19. Ne3 Qe6 20. Bb3 Nxb3 21.
axb3 Bb7 22. Qc2 Be4 23. Qc3 Rfd8 24. N3g4 Bd4 25. Nxf6+ Qxf6 26. Qxc7 Rac8 27.
Qxf7+ Qxf7 28. Nxf7 Bxb2 29. Nxd8 Bxa1 1/2-1/2

[Event "Stuttgart - Wattenscheid"]
[Site "BL 0203"]
[Date "2002.10.19"]
[Round "1.6"]
[White "Duppel, Matthias"]
[Black "Holzke, Frank"]
[Result "1-0"]
[WhiteElo "2440"]
[BlackElo "2479"]
[PlyCount "67"]
[EventDate "2002.??.??"]

1. e4 e5 2. Nf3 Nc6 3. Nc3 Nf6 4. g3 Bc5 5. Bg2 d6 6. d3 a6 7. Be3 Bxe3 8. fxe3
Ne7 9. Nh4 d5 10. O-O d4 11. exd4 Qxd4+ 12. Kh1 Qe3 13. Qe1 Qh6 14. h3 O-O 15.
Kg1 Nc6 16. Nd1 Nd4 17. Ne3 Nh5 18. c3 Nxg3 19. cxd4 Nxf1 20. Kxf1 exd4 21.
Nef5 Qf6 22. Qf2 c5 23. Rc1 Bxf5 24. Nxf5 Rac8 25. e5 Qg5 26. Re1 Rce8 27. h4
Qh5 28. Qf4 Re6 29. Bf3 Qg6 30. h5 Kh8 31. hxg6 fxg6 32. Be4 gxf5 33. Bd5 Re7
34. e6 1-0

[Event "Stuttgart - Wattenscheid"]
[Site "BL 0203"]
[Date "2002.10.19"]
[Round "1.7"]
[White "Dinstuhl, Volkmar"]
[Black "Bunzmann, Dimitri"]
[Result "1-0"]
[WhiteElo "2416"]
[BlackElo "2498"]
[PlyCount "80"]
[EventDate "2002.??.??"]

1. d4 e6 2. Nf3 Nf6 3. c4 b6 4. Nc3 Bb4 5. Qc2 Bb7 6. a3 Bxc3+ 7. Qxc3 d6 8. e3
Nbd7 9. Be2 O-O 10. O-O Qe7 11. b4 Ne4 12. Qe1 f5 13. Bb2 Rf6 14. Nd2 Nxd2 15.
Qxd2 Rh6 16. d5 b5 17. cxb5 Bxd5 18. f3 Qh4 19. h3 Qg3 20. Kh1 Nf6 21. Bxf6
gxf6 22. Bd3 Qg5 23. Rac1 Rc8 24. Qf2 Ba8 25. Rc3 Kh8 26. Kh2 Rg6 27. Rfc1 Rg7
28. Be2 Bb7 29. a4 Qg6 30. Bf1 Qf7 31. e4 fxe4 32. Qxa7 Bd5 33. b6 Ra8 34. b7
Rxa7 35. b8=Q+ Qg8 36. Qxa7 exf3 37. Rxc7 Rxg2+ 38. Kh1 Rg1+ 39. Qxg1 f2+ 40.
Qg2 Bxg2+ 1-0

[Event "Stuttgart - Wattenscheid"]
[Site "BL 0203"]
[Date "2002.10.19"]
[Round "1.8"]
[White "Schmid, Wolfgang"]
[Black "Straeter, Timo"]
[Result "1/2-1/2"]
[WhiteElo "2202"]
[BlackElo "2329"]
[PlyCount "68"]
[EventDate "2002.??.??"]

1. e4 Nc6 2. Nf3 e5 3. d4 exd4 4. Nxd4 d6 5. Nxc6 bxc6 6. Bd3 Nf6 7. O-O Be7 8.
Nc3 O-O 9. f4 Re8 10. Qf3 Bf8 11. Bd2 Bb7 12. Rae1 c5 13. Nd5 Nxd5 14. exd5 Qd7
15. b3 c6 16. c4 cxd5 17. cxd5 a5 18. Rxe8 Qxe8 19. Re1 Qd7 20. a4 Ba6 21. Bc2
Bb7 22. h3 Qc7 23. Bc3 Qd8 24. Bd3 g6 25. Bb5 Qh4 26. Rd1 Bg7 27. Bxg7 Kxg7 28.
Bc6 Qe7 29. f5 Ra7 30. Qd3 Bc8 31. fxg6 hxg6 32. Qg3 Ba6 33. Re1 Qf6 34. Kh2
Re7 1/2-1/2

[Event "Emsdetten - Porz"]
[Site "BL 0203"]
[Date "2002.10.19"]
[Round "1.1"]
[White "Sokolov, Ivan"]
[Black "Nielsen, Peter-Heine"]
[Result "1/2-1/2"]
[WhiteElo "2684"]
[BlackElo "2620"]
[PlyCount "69"]
[EventDate "1996.??.??"]

1. d4 Nf6 2. c4 e6 3. Nc3 Bb4 4. Qc2 d5 5. cxd5 Qxd5 6. e3 c5 7. Bd2 Bxc3 8.
Bxc3 cxd4 9. Bxd4 Nc6 10. Bc3 O-O 11. Nf3 Rd8 12. Be2 Qe4 13. Qb3 Nd5 14. Bd2
Qg6 15. O-O e5 16. Rfd1 Nb6 17. Bc3 Be6 18. Qb5 f6 19. a4 Qf7 20. a5 Bc4 21.
Bxc4 Qxc4 22. Qxc4+ Nxc4 23. Rdc1 a6 24. Ra4 Nd6 25. Kf1 Rac8 26. Ke2 Na7 27.
Ne1 Nab5 28. Bd2 Rxc1 29. Bxc1 Rc8 30. Bd2 Ne4 31. b3 Nxd2 32. Kxd2 Kf7 33. Nd3
Ke7 34. g4 Kd6 35. Rb4 1/2-1/2

[Event "Emsdetten - Porz"]
[Site "BL 0203"]
[Date "2002.10.19"]
[Round "1.2"]
[White "Tiviakov, Sergei"]
[Black "Andersson, Ulf"]
[Result "1/2-1/2"]
[WhiteElo "2631"]
[BlackElo "2599"]
[PlyCount "71"]
[EventDate "1996.??.??"]

1. e4 e6 2. d4 d5 3. Nd2 c5 4. exd5 exd5 5. Ngf3 Nf6 6. Bb5+ Bd7 7. Bxd7+ Nbxd7
8. O-O Be7 9. dxc5 Nxc5 10. Re1 O-O 11. Nf1 Re8 12. Be3 a6 13. c3 Qd7 14. Re2
Rad8 15. Qc2 Qa4 16. Qxa4 Nxa4 17. Rae1 Bc5 18. h3 Bxe3 19. Nxe3 Kf8 20. Nd4 g6
21. f3 Rd6 22. Kf2 Nd7 23. Nd1 Rxe2+ 24. Kxe2 Nb8 25. b3 Nc5 26. Ne3 Nc6 27.
Rd1 Nxd4+ 28. Rxd4 Ne6 29. Rd2 d4 30. cxd4 Nxd4+ 31. Kf2 Ke7 32. Nc4 Rd5 33. g4
Ke6 34. Nb6 Rd6 35. Nc4 Rd5 36. Nb6 1/2-1/2

[Event "Emsdetten - Porz"]
[Site "BL 0203"]
[Date "2002.10.19"]
[Round "1.5"]
[White "Hansen, Curt"]
[Black "Olsen, Boe Mads"]
[Result "1-0"]
[WhiteElo "2610"]
[BlackElo "2372"]
[PlyCount "83"]
[EventDate "1996.??.??"]

1. d4 f5 2. g3 Nf6 3. Bg2 e6 4. Nf3 Be7 5. O-O O-O 6. c4 d6 7. Nc3 Qe8 8. b3
Nc6 9. d5 exd5 10. cxd5 Ne5 11. Nd4 Bd7 12. e3 Rc8 13. Bb2 Kh8 14. Qc2 Nfg4 15.
h3 Nh6 16. Rad1 Bf6 17. Nce2 Ng6 18. Rfe1 Ng8 19. Nf4 Nxf4 20. exf4 Qg6 21. Ne6
Rfe8 22. Qd2 Bxb2 23. Qxb2 Bxe6 24. dxe6 Rxe6 25. Rxe6 Qxe6 26. Bxb7 Re8 27.
Qa3 Qe2 28. Rf1 Nf6 29. Bc6 Re7 30. Qxa7 h5 31. Qb8+ Kh7 32. Qb5 Qxa2 33. Qxf5+
Kg8 34. g4 hxg4 35. hxg4 Qa6 36. Bb5 Qb7 37. g5 Qe4 38. Bc4+ Kf8 39. Qh3 Ng8
40. Ra1 g6 41. Qh8 Rg7 42. Qh1 1-0

[Event "Emsdetten - Porz"]
[Site "BL 0203"]
[Date "2002.10.19"]
[Round "1.6"]
[White "Zumsande, Martin"]
[Black "Graf, Alexander"]
[Result "1-0"]
[WhiteElo "2374"]
[BlackElo "2635"]
[PlyCount "141"]
[EventDate "1996.??.??"]

1. e4 e5 2. Nf3 Nc6 3. d4 exd4 4. Nxd4 Bc5 5. Nxc6 Qf6 6. Qd2 dxc6 7. Nc3 Bd7
8. Na4 Bd6 9. Qe3 Qe7 10. Bd3 Nh6 11. h3 f6 12. Bd2 Nf7 13. f4 c5 14. Nc3 c6
15. O-O-O O-O-O 16. Qf2 Bc7 17. Rhe1 g5 18. e5 fxe5 19. f5 b5 20. Ne4 Bb6 21.
Be3 c4 22. Bxb6 axb6 23. Qxb6 Bxf5 24. Qxc6+ Qc7 25. Qa6+ Kb8 26. Qxb5+ Ka7 27.
Bxc4 Bxe4 28. Rxd8 Rxd8 29. Rxe4 Nd6 30. Qa4+ Kb8 31. Bd5 Qc5 32. Qb3+ Kc7 33.
Re3 Kd7 34. Qd3 Re8 35. Bb3 Re7 36. Ba4+ Ke6 37. Bb3+ Kf6 38. Re1 e4 39. Qd5
Qxd5 40. Bxd5 Ke5 41. c4 Kd4 42. Kd2 Nf5 43. Ke2 Ne3 44. Kf2 Nc2 45. Rd1+ Ke5
46. Rc1 Nb4 47. Bxe4 Nxa2 48. Rd1 Rc7 49. Bd5 Nb4 50. Ke3 Rc8 51. b3 Rc7 52.
Be4 Ra7 53. Rf1 Ra3 54. Rf5+ Ke6 55. Rxg5 Rxb3+ 56. Kd4 Ra3 57. Rh5 Na6 58.
Rh6+ Ke7 59. Rxh7+ Kd6 60. Rh6+ Ke7 61. h4 Nc7 62. Rh7+ Kd8 63. g4 Ne6+ 64. Ke5
Nf8 65. Rg7 Nd7+ 66. Kd4 Ra2 67. h5 Rh2 68. Bf5 Nf6 69. Rf7 Nxh5 70. Rh7 Rd2+
71. Kc3 1-0

[Event "Emsdetten - Porz"]
[Site "BL 0203"]
[Date "2002.10.19"]
[Round "1.7"]
[White "Van den Doel, Erik"]
[Black "Richter, Christian"]
[Result "1-0"]
[WhiteElo "2594"]
[BlackElo "2333"]
[PlyCount "123"]
[EventDate "1996.??.??"]

1. e4 e5 2. Nf3 Nc6 3. Bb5 a6 4. Ba4 Nf6 5. O-O Be7 6. Re1 b5 7. Bb3 d6 8. c3
O-O 9. h3 Re8 10. d4 Bf8 11. Nbd2 Bb7 12. d5 Nb8 13. Nf1 Nbd7 14. N3h2 Nc5 15.
Bc2 c6 16. b4 Ncd7 17. dxc6 Bxc6 18. Ng4 Nxg4 19. hxg4 Nb6 20. Qf3 Bd7 21. Ne3
a5 22. Ba3 Qc7 23. bxa5 Rxa5 24. Bb4 Ra6 25. Red1 Be6 26. a3 Nc4 27. Nxc4 Qxc4
28. Rd2 Qc7 29. Bd3 Rb8 30. Be2 Be7 31. Rad1 h6 32. Qh3 Bb3 33. Rb1 Be6 34. Qf3
Bg5 35. Rdd1 Be7 36. Rb2 Qc6 37. g3 Qc8 38. Rbd2 Bb3 39. Ra1 Be6 40. Rad1 Bb3
41. Rb1 Be6 42. Bd1 Rb7 43. Qe2 Bg5 44. Rxd6 Rxd6 45. Bxd6 Qxc3 46. Qf3 Qd4 47.
Bb4 Ba2 48. Bc3 Qd6 49. Ra1 Be6 50. Be2 Be7 51. Bb4 Qc6 52. Qe3 Bg5 53. Qc3 Bc4
54. a4 bxa4 55. Bxc4 Rc7 56. Bxf7+ Kxf7 57. Qxe5 Rb7 58. Rxa4 Qxa4 59. Qd5+ Ke8
60. Qxb7 Qd1+ 61. Kg2 Qxg4 62. Qa8+ 1-0

[Event "Emsdetten - Porz"]
[Site "BL 0203"]
[Date "2002.10.19"]
[Round "1.8"]
[White "Pedersen, Daniel Vesterbaek"]
[Black "Kengis, Edwin"]
[Result "0-1"]
[WhiteElo "2344"]
[BlackElo "2570"]
[PlyCount "64"]
[EventDate "1996.??.??"]

1. e4 c5 2. c3 d5 3. exd5 Qxd5 4. d4 g6 5. Nf3 Bg7 6. Na3 Nf6 7. Bc4 Qe4+ 8.
Be3 O-O 9. O-O cxd4 10. Qxd4 Nc6 11. Qxe4 Nxe4 12. Nb5 a6 13. Nbd4 Na5 14. Be2
e5 15. Nb3 Nc6 16. Rfd1 Re8 17. Nfd2 Nxd2 18. Rxd2 e4 19. Nc5 h5 20. Nd7 Bxd7
21. Rxd7 b5 22. Rad1 Ne5 23. Rc7 Rac8 24. Ra7 Rc6 25. h3 Bf8 26. Rd5 Nc4 27.
Bxc4 bxc4 28. Rdd7 Rb8 29. Rxf7 Rxb2 30. Rh7 Rd6 31. g3 Rd1+ 32. Kg2 Rbb1 0-1

[Event "Bremen - Godesberg"]
[Site "BL 0203"]
[Date "2002.10.19"]
[Round "1.1"]
[White "Breder, Dennis"]
[Black "Hracek, Zbynek"]
[Result "0-1"]
[WhiteElo "2440"]
[BlackElo "2607"]
[PlyCount "109"]
[EventDate "1996.??.??"]

1. e4 c5 2. Nf3 g6 3. d4 Bg7 4. d5 Nf6 5. Nc3 d6 6. Be2 O-O 7. O-O Na6 8. Bg5
h6 9. Bf4 Nc7 10. a4 g5 11. Bg3 Nh5 12. Nd2 Nxg3 13. hxg3 e6 14. Nc4 Bxc3 15.
bxc3 exd5 16. exd5 f5 17. Qd2 Qf6 18. f4 g4 19. Rfb1 b6 20. Na3 Bd7 21. Nb5 Ne8
22. c4 h5 23. Kf2 Kg7 24. Rh1 Kg6 25. Nc3 Nc7 26. Nb5 Ne8 27. Rab1 Rh8 28. Rh4
Rh7 29. Rb3 a6 30. Nc3 Qd4+ 31. Qxd4 cxd4 32. Na2 Bxa4 33. Rxb6 Bxc2 34. Nb4
Be4 35. Rh1 a5 36. Nc6 d3 37. Bxd3 Nf6 38. Be2 Re8 39. Rc1 Bxg2 40. Re1 Bh3 41.
Bd3 Rxe1 42. Kxe1 h4 43. Ne5+ dxe5 44. fxe5 hxg3 45. Rxf6+ Kg5 46. Rxf5+ Kh4
47. Rf8 Rb7 48. Rh8+ Kg5 49. d6 g2 50. Kf2 Rb2+ 51. Kg1 Rd2 52. Rg8+ Kh4 53.
Kh2 g3+ 54. Rxg3 g1=Q+ 55. Kxg1 0-1

[Event "Bremen - Godesberg"]
[Site "BL 0203"]
[Date "2002.10.19"]
[Round "1.2"]
[White "Babula, Vlastimil"]
[Black "Sprenger, Jan-Michael"]
[Result "1/2-1/2"]
[WhiteElo "2590"]
[BlackElo "2430"]
[PlyCount "83"]
[EventDate "1996.??.??"]

1. d4 Nf6 2. c4 e6 3. Nc3 Bb4 4. Qc2 O-O 5. a3 Bxc3+ 6. Qxc3 b6 7. Bg5 Bb7 8.
Nf3 d6 9. Nd2 Nbd7 10. f3 c5 11. dxc5 dxc5 12. e3 Qc7 13. Be2 Qe5 14. Qxe5 Nxe5
15. Bf4 Nc6 16. O-O-O Rfd8 17. Nb1 Ne8 18. Nc3 f6 19. Nb5 Kf7 20. Bd3 Ne5 21.
Be2 a6 22. Nc3 Nd6 23. b3 Bc6 24. a4 a5 25. e4 Ke7 26. h4 Nef7 27. g3 Rd7 28.
Bf1 Ne5 29. Be2 Rad8 30. g4 Ndf7 31. Rxd7+ Rxd7 32. Kc2 h6 33. Rd1 g5 34. Bg3
Ng6 35. Rxd7+ Kxd7 36. hxg5 hxg5 37. Kd2 Nf4 38. Ke3 Ng2+ 39. Kf2 Nf4 40. Ke3
Ng2+ 41. Kf2 Nf4 42. Ke3 1/2-1/2

[Event "Bremen - Godesberg"]
[Site "BL 0203"]
[Date "2002.10.19"]
[Round "1.3"]
[White "Langheinrich, Ferenc"]
[Black "Schandorff, Lars"]
[Result "1/2-1/2"]
[WhiteElo "2363"]
[BlackElo "2546"]
[PlyCount "62"]
[EventDate "1996.??.??"]

1. e4 c6 2. d4 d5 3. Nc3 dxe4 4. Nxe4 Nd7 5. Nf3 Ngf6 6. Nxf6+ Nxf6 7. Ne5 Nd7
8. Nf3 Nf6 9. Ne5 Nd7 10. Nf3 g6 11. Bc4 Bg7 12. c3 O-O 13. O-O Nb6 14. Bb3 Bg4
15. h3 Bxf3 16. Qxf3 e6 17. Rd1 a5 18. a3 a4 19. Ba2 Nd5 20. c4 Ne7 21. d5 exd5
22. cxd5 Nxd5 23. Bxd5 cxd5 24. Rxd5 Qb6 25. Rd7 Rae8 26. Bf4 Qxb2 27. Rad1 Qb5
28. Rxb7 Qf5 29. Rb4 Ra8 30. g4 Qe6 31. Kg2 Ra6 1/2-1/2

[Event "Bremen - Godesberg"]
[Site "BL 0203"]
[Date "2002.10.19"]
[Round "1.4"]
[White "Pelletier, Yannick"]
[Black "Seger, Ruediger"]
[Result "1-0"]
[WhiteElo "2587"]
[BlackElo "2406"]
[PlyCount "69"]
[EventDate "1996.??.??"]

1. e4 c6 2. c4 e5 3. Nf3 Qa5 4. Nc3 Nf6 5. Be2 Bb4 6. Qc2 O-O 7. O-O d5 8. cxd5
cxd5 9. Nxd5 Nxd5 10. exd5 Nd7 11. Bc4 Qc7 12. Bd3 Qxc2 13. Bxc2 Re8 14. d4 e4
15. Bd2 Bd6 16. Rfe1 Nf6 17. Ne5 Bf5 18. Bb3 Ng4 19. Nxg4 Bxg4 20. a3 a5 21.
Ba4 Re7 22. Rac1 h6 23. Rc3 h5 24. h3 Bf5 25. Rec1 f6 26. Rb3 Ra6 27. Bb5 Ra7
28. Be2 h4 29. Rb5 a4 30. Bb4 Rd7 31. Bc5 Bf4 32. Bxa7 Bxc1 33. Bb8 Kh7 34. d6
g6 35. Rxf5 1-0

[Event "Bremen - Godesberg"]
[Site "BL 0203"]
[Date "2002.10.19"]
[Round "1.5"]
[White "Jackelen, Thomas"]
[Black "Gallagher, Joseph G"]
[Result "0-1"]
[WhiteElo "2415"]
[BlackElo "2540"]
[PlyCount "72"]
[EventDate "1996.??.??"]

1. Nf3 Nf6 2. c4 g6 3. Nc3 Bg7 4. e4 d6 5. d4 O-O 6. Be2 Na6 7. O-O e5 8. Be3
Ng4 9. Bg5 Qe8 10. dxe5 dxe5 11. Nd2 f6 12. Bxg4 fxg5 13. Nb3 c6 14. Bxc8 Qxc8
15. Qd6 Rf7 16. Rad1 Qe8 17. Qd2 g4 18. Qe2 Qe6 19. Na4 Bf8 20. c5 Be7 21. f3
gxf3 22. Rxf3 Rxf3 23. Qxf3 Qc4 24. Rd7 Bxc5+ 25. Naxc5 Nxc5 26. Nxc5 Rf8 27.
Qd1 Qxc5+ 28. Kh1 Qc2 29. h3 Qxd1+ 30. Rxd1 Rf7 31. Rd8+ Kg7 32. Kg1 Kf6 33.
Ra8 a6 34. Kf2 Ke7+ 35. Ke3 Rf8 36. Ra7 Rb8 0-1

[Event "Bremen - Godesberg"]
[Site "BL 0203"]
[Date "2002.10.19"]
[Round "1.7"]
[White "Schmidt, Bodo"]
[Black "Meins, Gerlef"]
[Result "1/2-1/2"]
[WhiteElo "2360"]
[BlackElo "2436"]
[PlyCount "65"]
[EventDate "1996.??.??"]

1. d4 d5 2. Nf3 Nf6 3. c4 dxc4 4. e3 Bg4 5. Bxc4 e6 6. h3 Bh5 7. Nc3 Nbd7 8.
O-O Bd6 9. e4 e5 10. g4 Bg6 11. dxe5 Nxe5 12. Nxe5 Bxe5 13. f4 Qd4+ 14. Qxd4
Bxd4+ 15. Kh2 Bxc3 16. bxc3 Bxe4 17. g5 Bd5 18. Re1+ Kf8 19. gxf6 Bxc4 20. Ba3+
Kg8 21. Re7 h5 22. Rg1 Rh6 23. Rxc7 b5 24. Bc5 Bxa2 25. Bd4 a5 26. fxg7 a4 27.
f5 f6 28. Bc5 h4 29. Bf8 Bc4 30. Rd7 Re8 31. Rg2 Rh5 32. Rd4 Re2 33. Rxe2
1/2-1/2

[Event "Bremen - Godesberg"]
[Site "BL 0203"]
[Date "2002.10.19"]
[Round "1.8"]
[White "Heissler, Jacob"]
[Black "Upleger, Martin"]
[Result "1/2-1/2"]
[WhiteElo "2455"]
[BlackElo "2268"]
[PlyCount "28"]
[EventDate "1996.??.??"]

1. e4 c5 2. Nf3 d6 3. c3 Nf6 4. Bd3 Bg4 5. Bc2 e6 6. d3 Be7 7. Nbd2 Nc6 8. h3
Bh5 9. Nf1 d5 10. Qe2 c4 11. exd5 cxd3 12. Bxd3 Qxd5 13. Bc4 Qa5 14. N1d2 O-O
1/2-1/2

[Event "Forchheim - Luebeck"]
[Site "BL 0203"]
[Date "2002.10.19"]
[Round "1.2"]
[White "Jansa, Vlastimil"]
[Black "Fressinet, Laurent"]
[Result "0-1"]
[WhiteElo "2500"]
[BlackElo "2619"]
[PlyCount "90"]
[EventDate "2002.??.??"]

1. e4 e5 2. Nf3 Nc6 3. Bb5 a6 4. Ba4 Nf6 5. O-O Be7 6. Re1 b5 7. Bb3 d6 8. c3
O-O 9. h3 Nd7 10. d4 Nb6 11. Nbd2 Bf6 12. Nf1 Re8 13. Ng3 g6 14. a3 Bb7 15. Ba2
Qe7 16. Be3 Na5 17. Nd2 Rad8 18. d5 Bc8 19. b4 Nac4 20. Nxc4 Nxc4 21. Bxc4 bxc4
22. Qe2 Bh4 23. Qxc4 f5 24. exf5 gxf5 25. a4 Rf8 26. Bh6 Rf7 27. b5 a5 28. Qe2
Kh8 29. Qh5 f4 30. Ne4 Rg8 31. b6 Rf5 32. Qf3 cxb6 33. Rab1 Qc7 34. Rb3 Rg6 35.
Reb1 Rxh6 36. Rxb6 Rf8 37. Rc6 Qe7 38. Rbb6 Rd8 39. c4 Bb7 40. c5 Bxc6 41. Rxc6
Rg6 42. cxd6 Qb7 43. Rc7 Qb1+ 44. Kh2 Rdg8 45. g4 h5 0-1

[Event "Forchheim - Luebeck"]
[Site "BL 0203"]
[Date "2002.10.19"]
[Round "1.4"]
[White "Heidrich, Manfred"]
[Black "Hodgson, Julian M"]
[Result "0-1"]
[WhiteElo "2415"]
[BlackElo "2608"]
[PlyCount "80"]
[EventDate "2002.??.??"]

1. e4 g6 2. d4 Bg7 3. Nc3 c6 4. Nf3 d5 5. h3 dxe4 6. Nxe4 Nd7 7. Bd3 Ngf6 8.
Nxf6+ Nxf6 9. O-O O-O 10. Re1 Qc7 11. Qe2 Be6 12. c4 Rad8 13. Bg5 Nh5 14. Qe3
Rfe8 15. Rad1 Qb6 16. g4 Nf6 17. b3 Qa5 18. Ne5 Nd7 19. f4 Nxe5 20. fxe5 Qxa2
21. Be4 Qa5 22. Rf1 Rd7 23. Qf3 Red8 24. d5 cxd5 25. cxd5 Rxd5 26. Bxd5 Bxd5
27. Qe3 Qc7 28. Bf4 e6 29. Rc1 Bc6 30. Rfd1 h6 31. Rxd8+ Qxd8 32. Qd2 Qb6+ 33.
Qe3 Qa5 34. Qc5 Qd8 35. Kh2 Qd3 36. Qc2 Qf3 37. Bg3 h5 38. Re1 Bd5 39. Rb1 Be4
40. Qc8+ Kh7 0-1